000 00462nam a2200169 4500
001 149017
003 ES-MaACL
005 20230906202918.0
007 t|
008 070214s1963 sp r ||||1| cat d
100 1 _aSureda Blanes, Josep.
_9204057
245 1 3 _aLa creació científica /
_cJosép Sureda Blanes.
260 _aPalma de Mallorca :
_bMoll,
_c1963.
300 _a134 p. ;
_c16 cm.
852 _aES-MaACL
_jC-24730
_bR.53654
999 _c149017
_d149017